Principles and pratice of automatic process control

Highly practical and applied, this Third Edition of Smith and Corripio's Principles and Practice of Automatic Process Control continues to present all the necessary theory for the successful practice of automatic process control. The authors discuss both introductory and advanced control strate...

Ful tanımlama

Kaydedildi:
Detaylı Bibliyografya
Yazar: Smith, Carlos A.
Materyal Türü: Kitap
Dil:Undetermined
Baskı/Yayın Bilgisi: New Jersey John Wiley & Sons 2006
Konular:
Etiketler: Etiketle
Etiket eklenmemiş, İlk siz ekleyin!
Thư viện lưu trữ: Trung tâm Học liệu Trường Đại học Cần Thơ
LEADER 01014nam a2200205Ia 4500
001 CTU_100869
008 210402s9999 xx 000 0 und d
020 |c 2127000 
082 |a 629.8076 
082 |b S645 
100 |a Smith, Carlos A. 
245 0 |a Principles and pratice of automatic process control 
245 0 |c Carlos A. Smith, Ph. D., Armando B. Corripio, Ph. D 
260 |a New Jersey 
260 |b John Wiley & Sons 
260 |c 2006 
520 |a Highly practical and applied, this Third Edition of Smith and Corripio's Principles and Practice of Automatic Process Control continues to present all the necessary theory for the successful practice of automatic process control. The authors discuss both introductory and advanced control strategies, and show how to apply those strategies in industrial examples drawn from their own professional practice. 
650 |a Automatic control,Automation,Control theory 
904 |i Hiếu 
980 |a Trung tâm Học liệu Trường Đại học Cần Thơ